| 000 | 00582nam a22001817a 4500 | ||
|---|---|---|---|
| 999 |
_c181559 _d181559 |
||
| 005 | 20210923115525.0 | ||
| 010 | _aENG-130003 | ||
| 020 |
_a978935388-637-0 _c1150.00 |
||
| 035 | _a EN-113485 | ||
| 037 | _bDBAD/PUB | ||
| 082 | _a361.954 | ||
| 245 |
_aSocial work education : _cedited by Sanjoy Roy _bIndigenous perspectives/ |
||
| 260 |
_bSage _aIndia _c2021 |
||
| 270 |
_bNew Delhi _e110044 _aB1/1-1,Mohan Cooperative industrial Area Mathura road Post Bag 7 |
||
| 300 |
_a235p. _c25cm(hbk) |
||
| 700 | _aedited by Sanjoy Roy | ||
| 942 |
_2ddc _cEN _h361.954 _mSOC |
||